| 000 | 00608cam a2200241 a 4500 | ||
|---|---|---|---|
| 001 | 16309968 | ||
| 005 | 20180302043333.0 | ||
| 008 | 100630s2012 maua 000 0 eng | ||
| 010 | _a 2010931614 | ||
| 020 | _a9780495913504 (alk. paper) | ||
| 020 | _a0495913502 | ||
| 040 |
_aDLC _cDLC _dDLC |
||
| 041 | _aeng | ||
| 042 | _apcc | ||
| 080 | _a371.3028 | ||
| 082 | 0 | 0 |
_a371.3028 WON _223 |
| 100 | 1 | _a25 | |
| 101 | _aEDU | ||
| 245 | 1 | 0 |
_aEssential study skills / _cLinda Wong. |
| 906 |
_a7 _bcbc _corignew _d2 _eepcn _f20 _gy-gencatlg |
||
| 942 |
_2ddc _cBK |
||
| 999 |
_c43975 _d43975 |
||